La reforma del código civil: historia y antecedentes de la ley Nº 10.271

Guardado en:
Detalles Bibliográficos
Autor Corporativo: Assael Camhi, Morris M (Autor)
Formato: Libro
Lenguaje:español
Publicado: Santiago Jurídica de Chile 1952
Materias:
Etiquetas: Agregar Etiqueta
Sin Etiquetas, Sea el primero en etiquetar este registro!

MARC

LEADER 00000cam a2200000 a 4500
001 UCY4350
003 CL-VaPUC
008 950309e19520000CL |||||||||||||||||spa|d
082 0 4 |a 346.017  |b ASS  |2 21 
110 2 |a Assael Camhi, Morris M  |e author  |9 332754 
245 1 3 |a La reforma del código civil: historia y antecedentes de la ley Nº 10.271 
300 |a 275 p 
942 |c BK 
945 |d 19950309 00:00:00  |a aalvarez 
260 |a Santiago  |b Jurídica de Chile  |c 1952 
650 0 |a Derecho de familia  |9 255603 
583 |a last modification  |c 20180727 10:42:18  |k Rodrigo Vera 
999 |c 232226  |d 232224 
952 |0 0  |1 0  |4 0  |6 346_017000000000000_ASS_1952  |7 0  |8 DER_HDC  |9 236325  |a BIBDER  |b BIBDER  |d 2019-11-15  |i 3062856  |l 1  |o 346.017 ASS 1952  |p 3062856  |r 2023-01-25  |s 2020-03-16  |w 2019-11-15  |x Ubicación 4to Piso  |y BK  |z Estos recursos deben solicitarse con anticipación  |k DER 
952 |0 0  |1 0  |2 ddc  |4 0  |6 346_017000000000000_ASS_1952  |7 0  |8 P  |9 236329  |a BIBDER  |b BIBDER  |d 2019-11-15  |i 4119118  |o 346.017 ASS 1952  |p 4119118  |r 2023-01-25  |w 2019-11-15  |y BK  |k DER